000 00890nam a2200313 a 4500
001 000113969
003 CHAP
005 20220329144421.0
008 171016s2011 mx |r| ||||d|spa d
010 _a110430
011 _a111402
020 _a9685146535
040 _cCHAP
082 0 4 _a862.6
_bG21 c
100 1 _aGarcía Lorca, Federico
_9133754
245 1 3 _aLa casa de Bernarda Alba /
_cFederico García Lorca.
260 _aMéxico :
_bEdiciones Leyenda,
_c2011.
300 _a73 p.
490 _aColección clásicos
590 _aE11695DGD
_b10
_c20171105
_lUCH01
_h1100
590 _aE5765TAJ
_b05
_c20171016
_lUCH01
_h0901
590 _aE5765TAJ
_b05
_c20171016
_lUCH01
_h1214
650 1 4 _aDrama español
_ySiglo XX.
_9133755
650 1 4 _aTeatro español
_ySiglo XX.
_9133756
830 0 0 _aColección clásicos
_924754
901 _aBK
942 _cLIBRO
942 _n0
999 _c110430
_d110430